| 000 | 01115nac a22003137a 4500 | ||
|---|---|---|---|
| 001 | BR8708649 | ||
| 003 | BR-BrBNA | ||
| 005 | 20240105120650.0 | ||
| 008 | 230509b bl.|||m| |||| 00| 0 por d | ||
| 040 |
_aBR-BrBNA _bpor _cBiblioteca Nacional de Agricultura |
||
| 072 | _aL73 | ||
| 090 | _a5212 BR8708649 | ||
| 100 | 1 | _aMadruga, C.R. | |
| 100 | 1 | _aKessler, R.H. | |
| 100 | 1 | _aMiguita, C.T. | |
| 100 | 1 | _aMiguita, M. | |
| 110 | 1 |
_aCentro Nacional de Pesquisa de Gado de Corte, Campo Grande, MS (Brasil) _91771 |
|
| 245 | 1 | _aAvaliacao preliminar do teste de aglutinacao rapida para diagnostico de anticorpos contra Babesia bigemina | |
| 246 | 1 | _a[Preliminary evalluation of agglutination test for diagnosis of antibodies against babesia] | |
| 260 | 3 |
_aCampo Grande, MS (Brasil): _c1987. |
|
| 300 | _a6 p. | ||
| 490 |
_aPesquisa em Andamento - Centro Nacional de Pesquisa de Gado de Corte (Brazil) _vno. 37 _xISSN 0100-7858 |
||
| 650 | _aBOVINO | ||
| 650 | _aBABESIOSE | ||
| 650 | _aAGLUTINACAO | ||
| 650 | _aANTICORPO | ||
| 909 |
_a202312 _bLúcia Elande _c55 _dLúcia Elande |
||
| 942 |
_2AGRIS _n0 _cMS |
||
| 999 |
_c280770 _d280770 |
||